000 01234nam a22002897a 4500
005 20240530110351.0
008 141223s2008 uk fo g cb 001 0 ara d
017 _a6702/2005
_bبريطانيا . دار الكتب البريطانية
020 _a9959293122
040 _aEG-CaGPL
041 1 _aara
_heng
082 0 4 _221
_a953.09\
_bث د
100 0 _aثريا فاروقى
245 1 2 _aالدولة العثمانية و العالم المحيط بها /
_cثريا فاروقى ؛ ترجمة حاتم الطحاوى ؛ مراجعة عمر الايوبى
250 _aط 1
260 _aبريطانيا :
_bدار المدار الاسلامى ،
_c2008
300 _a432 ص :
_bايض ؛
_c24 سم
504 _aببليوجرافية : ص 357 - 420
650 0 4 _aالامبراطورية العثمانية
650 0 4 _aالامبراطورية العثمانية
_xتاسيس
650 0 4 _aالامبراطورية العثمانية
_yعصر الضعف
651 0 4 _aالعالم العربى
_xتاريخ
_yالعصر العثمانى
700 0 _aحاتم الطحاوى
_eمترجم
700 0 _aعمر الايوبى
_eمراجع
942 _2ddc
_cBK
999 _c60070
_d60070